All FA Trophy winners ever - Statistics

General Stats
  • This quiz has been taken 18 times
    4 since last reset
  • The average score is 16 of 39
Answer Stats
Answer % Correct
Dagenham FC
100%
Wrexham
100%
Cambridge United
75%
Colchester United
75%
Harrogate Town
75%
Scarborough
75%
York City
75%
Barrow
50%
Cheltenham
50%
Enfield FC
50%
FC Halifax Town
50%
Gateshead
50%
Grays Athletic
50%
Hornchurch
50%
Kidderminster Harriers
50%
Macclesfield Town
50%
Stevenage
50%
Wealdstone
50%
Woking
50%
Wycombe Wanderers
50%
Yeovil Town
50%
AFC Fylde
25%
Aldershot
25%
Altrincham
25%
Bromley
25%
Canvey Island
25%
Darlington
25%
Ebbsfleet United
25%
Kingstonian
25%
Morecambe
25%
North Ferriby United
25%
Northwich Victoria
25%
Stafford Rangers
25%
Telford United
25%
Bishops Stortford
0%
Brackley Town
0%
Burscough
0%
Hednesford Town
0%
Matlock Town
0%
No matching quizzes found
Score Distribution
Percent of People with Each Score
Percentile by Number Answered
Your Score History
You have not taken this quiz since the last reset